| 000 | 00605nam a2200205 a 4500 | ||
|---|---|---|---|
| 005 | 20221018064609.0 | ||
| 008 | 991125s1996 mx 000 0 spa u | ||
| 020 | _a9684442068 | ||
| 035 | _aUPN01000050171 | ||
| 049 | _aCG | ||
| 050 | 4 |
_aPN1991.3 M6 _bF56 |
|
| 100 | 1 | _aFigueroa Bermúdez, Romeo | |
| 245 | 1 | 1 |
_a¡Qué onda con la radio! / _cRomeo Figueroa Bermúdez. |
| 260 |
_aMéxico : _bAlhambra Mexicana, _c1996. |
||
| 300 |
_a535 p. : _bil. |
||
| 650 | 7 |
_aRadiodifusión _zMéxico _2 _95449 |
|
| 650 | 4 | _aPERIODISMO RADIOFONICO | |
| 650 | 4 |
_aRADIO - _xTRANSMISORES Y TRANSMISION |
|
| 905 | _aLibro | ||
| 999 |
_c50171 _d50171 |
||